Osobnostné faktory v kreatívnej manažérskej činnosti
Charakteristiky kreatívnej osobnosti. Znaky divergentného a konvergentného myslenia. Osobnostné vlastnosti. Vzťahy postoja a kreatívnej výkonnosti. Skúsenosti a schopnosti v kreatívnej činnosti manažéra. Hodnotenie kreativity v manažérskej činnosti.
Gespeichert in:
| 1. Verfasser: | |
|---|---|
| Format: | Buchkapitel |
| Sprache: | Slowakisch |
| Schlagworte: | |
| Tags: |
Keine Tags, Fügen Sie das erste Tag hinzu!
|
MARC
| LEADER | 00000nla$a2200000$$$4500 | ||
|---|---|---|---|
| 001 | 0109361 | ||
| 005 | 20240502072216.9 | ||
| 041 | 0 | |a slo | |
| 044 | |a SK | ||
| 245 | 1 | 0 | |a Osobnostné faktory v kreatívnej manažérskej činnosti |c Ľudmila Suntingerová |
| 520 | |a Charakteristiky kreatívnej osobnosti. Znaky divergentného a konvergentného myslenia. Osobnostné vlastnosti. Vzťahy postoja a kreatívnej výkonnosti. Skúsenosti a schopnosti v kreatívnej činnosti manažéra. Hodnotenie kreativity v manažérskej činnosti. | ||
| 610 | 2 | 0 | |a osobnosť |
| 610 | 2 | 0 | |a kreativita |
| 610 | 2 | 0 | |a manažéri |
| 100 | 1 | |a Suntingerová, Ľudmila | |